| 000 | 00757nam a2200217Ii 4500 | ||
|---|---|---|---|
| 003 | JO-AjNU | ||
| 008 | 230605s9999||||xx |||||||||||||| ||und|| | ||
| 017 | _a2001/18449 | ||
| 020 | _a977-01-7661-3 | ||
| 040 |
_aJO-AjNU _bara _erda _cJO-AjNU |
||
| 041 | _aara | ||
| 050 | 1 | 4 | _aHQ799.E3 .A7564 2001 |
| 100 | 3 |
_aالعلقامي، نبيه, _eauthor _97414 |
|
| 245 | 0 | 0 | _aالشباب رؤية واقعية |
| 264 | 3 | 1 | _aالقاهرة: الهيئة المصرية العامة للكتاب، 2001 |
| 300 |
_a255ص _bيحتوي ببلوغرافية من ص 253-255ص |
||
| 336 |
_atext _btxt _2rdacontent |
||
| 337 |
_aunmediated _bn _2rdamedia |
||
| 338 |
_avolume _bnc _2rdacarrier |
||
| 650 | 4 |
_aالشباب - احوال اجتماعية - مصر _97415 |
|
| 999 |
_aA267 _c3835 _d3835 |
||